00595nam a2200157 a 4500008004100000050002400041110008400065245007900149260003800228300002100266350000900287650003200296650004400328650003200372650003300404150519s1982 ||||||||||||||||| || u aGOV.ZAM(058)FR/1982 aGovernment of the Republic of Zambia. Ministry of Finance and National Planning10aRepublic of Zambia financial report for the year ended 31st December, 1981 aLusaka:bGovernment Printerc1982 avii, 750p.: ill. a0.00 0aAFRICA--ECONOMIC CONDITIONS aZAMBIA--APPROPRIATIONS AND EXPENDITURES aZAMBIA--ECONOMIC CONDITIONS aEXPENDITURES, PUBLIC--ZAMBIA